000 00612nam a2200193Ia 4500
003 SISC
005 20180927131040.0
008 180918s9999 xx 000 0 und d
020 _a9781138080805
050 _aLB 1028.38
_b.M568 2018
100 _aMerrienboer, Jeroen J.G. van
245 _cJoreon J.G. van Merrienboer and Paul A. Kirschner
_aTen steps to complex learning/
250 _a3rd ed.
260 _aNY:
_bRoutledge
_c2018
300 _a399 pages :
_billustrated ;
_c22 cm.
500 _aincludes bibliographic references and index
650 _aInstructional systems -- design
942 _2lcc
_cBK
999 _c358778
_d358778